00331nam a22001457a 4500003000700000005001700007008004100024082002000065100001700085245002200102260002500124300000800149490002300157650000500180MPLRDC20220104114603.0210129b ||||| |||| 00| 0 eng d a848.1 ZZQ-9 c.2 a朱自清著 a朱自清全集c ab辅新书局c1985 b平 a中国文学创作 a